000 00420nam a22001697a 4500
999 _c4204
_d4203
005 20210909120557.0
008 160627b xxu||||| |||| 00| 0 eng d
020 _a0-19-963533-1
041 _aeng
082 _b10275
100 _aBlackhurn, G Michael and Gait Michael J
_92906
245 _aNucleic Acids in Chemistry and Biology
260 _bOxford
300 _a499
650 _aAgriculture
_92837
942 _cBK